| 000 | 00507nam a22001817a 4500 | ||
|---|---|---|---|
| 003 | CEME | ||
| 005 | 20210628202751.0 | ||
| 008 | 210125b xxu||||| |||| 00| 0 eng d | ||
| 020 | _a81-7319-318-5 | ||
| 040 | _c. | ||
| 082 | _a515.15 JOS | ||
| 100 |
_a Joshi, K .D _960246 |
||
| 245 | _aCalculus for scientists and engineers an analytical approach | ||
| 260 |
_aNEW DELHI _bNAROSA PUBLISHING _c2003 |
||
| 300 | _aXIII,797 P | ||
| 650 |
_aCALCULUS FOR SCIENTISTS AND ENGINEERS _961513 |
||
| 942 |
_cBK _2ddc |
||
| 999 |
_c570943 _d570943 |
||